LEADER 01062nas a2200217 i 4500 001 000000000330 003 CaOOAMICUS 005 20091005000000.0 008 091005s1910 gw u0 und u 022 $a0174-5875 040 $aSeMil$bita 245 10$aFreiburger theologische Studien /$cunter Mitwirkung der Professoren der Theologischen Fakultät ; hrsg. von Remigius Bäumer, Alfons Deissler, Helmut Riedlinger. 260 $aFreiburg ; Basel ; Wien :$bHerder,$c1910. 300 $av. ;$c23 cm. 700 1 $aBäumer, Remigius,$d<1918-1998>.$0(OLS)http://semarc/name/292 700 1 $aRiedlinger, Helmut.$0(OLS)http://semarc/name/294 700 1 $aDeissler, Alfons,$d<1914-2005>.$0(OLS)http://semarc/name/293 774 0 $aAuer, Johann <1910-1989>$tEntwicklung der Gnadenlehre in der Hochscholastik.$dFreiburg : Herder, 1942-1951.$w()29474 996 $6022$a0174-5875$9(OLS)http://semarc/number/55 996 $6245$aFreiburger theologische Studien$9(OLS)http://semarc/title/550 996 $6260$aFreiburg ; Basel ; Wien :$bHerder$9(OLS)http://semarc/publisher/29643 LEADER 01024nam a2200241 i 4500 001 000000040462 003 CaOOAMICUS 005 19940509000000.0 008 940509n it u000 u ita u 013 $a11632 020 $a8837215150 040 $aSeMil$bita 100 1 $aSéguy, Jean <1925-2007>.$0(OLS)http://semarc/name/17451 245 10$aCristianesimo e società :$bla sociologia di Ernst Troeltsch. 650 4$aCristianesimo - Rapporti [con la] Società.$0(OLS)http://semarc/subject/49907 650 4$aSociologia religiosa.$0(OLS)http://semarc/subject/892 650 4$aTroeltsch, Ernst.$0(OLS)http://semarc/subject/8494 700 1 $aPrandi, Carlo,$d<1931- >.$0(OLS)http://semarc/name/2616 850 $aSeMil 852 $aSeMil$W1$xVenegono$y1$m3N V 320$j6617$B6617$CSeMilBibl$Z2$F6617 $81 961 $aAcquisto: Glossa (Libreria) 996 $6020$a8837215150$9(OLS)http://semarc/number/10684 996 $6245$aCristianesimo e società :$bla sociologia di Ernst Troeltsch$9(OLS)http://semarc/title/58126